000 01355cam a22003373a 4500
001 6999
003 FISKH
005 20250617095753.0
008 060616s2005 nyua j 000 1 eng d
010 _a 2006278001
020 _a0439801060 (pbk.)
040 _aDAJ
_cDAJ
_dDAJ
_dDLC
_beng
050 _aPZ7.S3989 F
082 _a567.9
100 1 _aSchwabacher, Martin.
245 1 4 _aThe magic school bus flies with the dinosaurs /
_cwritten by Martin Schwabacher ; illustrated by Carolyn Bracken.
260 _aNew York :
_bScholastic,
_c2005.
300 _a32 unnumbered pages :
_bcolor illustrations ;
_c23 cm
440 0 _aScholastic reader.
_nLevel 2
500 _a"Based on The magic school bus books written by Joanna Cole and illustrated by Bruce Degan"--page facing t.p.
500 _a"Cartwheel books."
505 _aJ
520 _aMs. Frizzle's class is drawing dinosaurs. But Dorothy Ann's picture is of her pet parrot. Ralphie tells her a parrot is a bird, not a dinosaur. Who is right? Take off with Ms. Frizzle's class and find out all kinds of facts about dinosaurs.
521 8 _a460
_bLexile AD
521 8 _aJ
_bRaz-Plus
650 0 _aDinosaurs
_vJuvenile fiction.
700 1 _aBracken, Carolyn.
_eillustrator
906 _a7
_bcbc
_ccopycat
_d2
_encip
_f20
_gy-gencatlg
942 _2ddc
_cBK
_n0
999 _c6999
_d6999